Эволюция механики в России

Библиографические подробности
Главный автор: Григорьян А. Т. Ашот Тигранович
Язык:русский
Опубликовано: Москва, Наука, 1967
Серии:Научно-популярная серия
Предметы:
Формат: MixedMaterials Книга
Запись в KOHA:https://koha.lib.tpu.ru/cgi-bin/koha/opac-detail.pl?biblionumber=20838

MARC

LEADER 00000nam0a2200000 4500
001 20838
005 20231101205400.0
035 |a (RuTPU)RU\TPU\book\21028 
035 |a BOOK00021098 
090 |a 20838 
100 |a 20011209d1967 k y0rusy50 ca 
101 0 |a rus 
102 |a RU 
105 |a a z 000zd 
200 1 |a Эволюция механики в России  |f А. Т. Григорьян 
210 |a Москва  |c Наука  |d 1967 
215 |a 168 с.  |c ил. 
225 1 |a Научно-популярная серия 
600 1 |a Чаплыгин  |g Сергей Алексеевич  |b С. А.  |c российский ученый в области теоретической механики  |c один из основоположников современной аэродинамики  |f 1869-1942  |2 stltpui  |3 (RuTPU)RU\TPU\pers\34 
600 1 |a Жуковский  |g Николай Егорович  |c российский ученый  |c основоположник современной аэродинамики  |f 1847-1921  |b Н. Е.  |2 stltpui  |3 (RuTPU)RU\TPU\pers\979 
600 1 |a Ляпунов  |g Александр Михайлович  |b А. М.  |c российский математик  |c академик Петербургской АН  |f 1857-1918  |2 stltpui  |3 (RuTPU)RU\TPU\pers\827 
600 1 |a Эйлер  |g Леонард  |f 1717-1783  |b Л.  |c российский учёный швейцарского происхождения  |c математик  |c физик  |c механик  |c астроном  |2 stltpush  |3 (RuTPU)RU\TPU\pers\525 
600 1 |a Циолковский  |g Константин Эдуардович  |b К. Э.  |c русский ученый  |c изобретатель  |c основоположник современной космонавтики  |f 1857-1935  |2 stltpui  |3 (RuTPU)RU\TPU\pers\1304 
600 1 |a Остроградский  |g Михаил Васильевич  |b М. В.  |c русский математик  |c механик  |c академик Петербургской АН  |f 1801-1861/1862  |2 stltpui  |3 (RuTPU)RU\TPU\pers\858 
600 1 |a Ковалевская  |g Софья Васильевна  |c математик  |c член-корреспондент Петербургской АН  |f 1850-1891  |b С. В.  |2 stltpui  |3 (RuTPU)RU\TPU\pers\857 
606 1 |a Механика  |x История  |y Россия  |2 stltpush  |3 (RuTPU)RU\TPU\subj\43559  |9 63046 
610 1 |a история 
610 1 |a Россия 
610 1 |a 19 век 
610 1 |a 20 век 
610 1 |a упругие тела 
610 1 |a гидромеханика 
610 1 |a аналитическая механика 
610 1 |a баллистика 
610 1 |a упругость 
610 1 |a равновесие 
610 1 |a гидродинамика 
610 1 |a аэродинамика 
675 |a 531(09)  |v 3 
700 1 |a Григорьян  |b А. Т.  |g Ашот Тигранович 
801 0 |a RU  |b 63413507  |c 20011209  |g PSBO 
801 2 |a RU  |b 63413507  |c 20180112  |g PSBO 
942 |c BK